The Most Commonly Spoken Language in Each US State that is NOT English or Spanish - Statistics

General Stats
  • This quiz has been taken 408 times
  • The average score is 41 of 50
Answer Stats
State Language % Correct
Connecticutt French
99%
Delaware French
99%
Louisiana French
99%
Maine French
99%
Maryland French
99%
Mississippi French
99%
New Hampshire French
99%
North Carolina French
99%
South Carolina French
99%
Vermont French
99%
West Virginia French
99%
Alabama German
98%
Arkansas German
98%
Colorado German
98%
Idaho German
98%
Indiana German
98%
Iowa German
98%
Kansas German
98%
Kentucky German
98%
Missouri German
98%
Montana German
98%
North Dakota German
98%
Ohio German
98%
Tennessee German
98%
Utah German
98%
Wisconsin German
98%
Wyoming German
98%
New Jersey Italian
89%
Pennsylvania Italian
89%
New York Chinese
88%
Oregon Russian
84%
Michigan Arabic
75%
Massachusetts Portuguese
75%
Rhode Island Portuguese
75%
Georgia Korean
72%
Virginia Korean
72%
Illinois Polish
70%
Nebraska Vietnamese
64%
Oklahoma Vietnamese
64%
Texas Vietnamese
64%
Washington Vietnamese
64%
Califronia Tagalog
58%
Hawaii Tagalog
58%
Nevada Tagalog
58%
Arizona Navajo
44%
New Mexico Navajo
44%
Florida French Creole
43%
South Dakota Dakota
19%
Alaska Yupik
18%
Minnesota Hmong
16%
No matching quizzes found
Score Distribution
Percent of People with Each Score
Percentile by Number Answered
Your Score History
You have not taken this quiz